Manažment

Gespeichert in:
Bibliographische Detailangaben
1. Verfasser: Sedlák, Mikuláš
Weitere Verfasser: Líšková, Caroline
Format: Buch
Sprache:Slowakisch
Veröffentlicht: Bratislava Wolters Kluwer 2015
Schriftenreihe:Ekonómia
Schlagworte:
Tags: Tag hinzufügen
Keine Tags, Fügen Sie das erste Tag hinzu!

MARC

LEADER 00000nam a2200000 4500
001 0234522
005 20240314080316.1
020 |a 978-80-8168-296-4 
041 0 |a slo 
044 |a SK 
245 1 0 |a Manažment  |c Mikuláš Sedlák, Caroline Líšková 
264 1 |a Bratislava  |b Wolters Kluwer  |c 2015 
300 |a 387 s. 
490 1 |a Ekonómia 
830 0 |a Ekonómia 
610 2 0 |a manažment 
610 2 0 |a rozhodovanie 
610 2 0 |a rozhodovanie manažérske 
610 2 0 |a rozhodovanie za rizika 
610 2 0 |a systémy informačné 
610 2 0 |a systémy informačné manažérske 
610 2 0 |a plánovanie 
610 2 0 |a kontrola 
610 2 0 |a štruktúra organizačná 
610 2 0 |a manažment strategický 
610 2 0 |a vedenie ľudí 
610 2 0 |a komunikácia 
610 2 0 |a motivácia 
610 2 0 |a manažéri 
100 1 |a Sedlák, Mikuláš 
700 1 |a Líšková, Caroline